Resecciones pulmonares / (Registro nro. 92131)

Detalles MARC
000 -LEADER
campo de control de longitud fija 00569nam a2200169 i 4500
001 - NÚMERO DE CONTROL
campo de control 92131
003 - IDENTIFICADOR DE NÚMERO DE CONTROL
campo de control ES-MaACL
007 - CAMPO FIJO DE DESCRIPCIÓN FÍSICA--INFORMACIÓN GENERAL
campo de control de longitud fija t|
008 - DATOS DE LONGITUD FIJA--INFORMACIÓN GENERAL
campo de control de longitud fija 050221s1954 sp ||||1| spa d
100 1# - ENTRADA PRINCIPAL--NOMBRE DE PERSONA
Nombre de persona Lezius, Albert.
9 (RLIN) 72128
245 10 - MENCIÓN DEL TÍTULO
Título Resecciones pulmonares /
Mención de responsabilidad, etc. Albert Lezius; prefacio del Prof. Dr. R. Nisson; traducción del alemán por el Dr. Lesmes Zabal Cervera.
260 ## - PUBLICACIÓN, DISTRIBUCIÓN, ETC.
Lugar de publicación, distribución, etc. Barcelona :
Nombre del editor, distribuidor, etc. Labor,
Fecha de publicación, distribución, etc. 1954.
300 ## - DESCRIPCIÓN FÍSICA
Extensión 172 p. :
Otras características físicas 2 lám, il. ;
Dimensiones 28 cm.
700 1# - ENTRADA AGREGADA--NOMBRE PERSONAL
Nombre de persona Nisson, R.
9 (RLIN) 85773
700 1# - ENTRADA AGREGADA--NOMBRE PERSONAL
Nombre de persona Zabal Cervera, Lesmes.
9 (RLIN) 117773
852 ## - LOCALIZACIÓN
Ubicación ES-MaACL
Número de control de estantería C-8329
Sublocalización o colección R.36693
Existencias
Estatus retirado Estado de pérdida Estado de daño No para préstamo Biblioteca de origen Biblioteca actual Ubicación en estantería Fecha de adquisición Fuente de adquisición Total de préstamos Signatura topográfica completa Código de barras Visto por última vez Precio de reemplazo Tipo de ítem Koha
        Biblioteca del Ateneo de Madrid Biblioteca del Ateneo de Madrid Sala Palomar 17/01/2008     C-8329 1096191 23/02/2023 23/02/2023 Libro impreso